[Event "AUTO-ADV-1863"]
[Site "http://www.queenalice.com/game.php?id=854516"]
[Date "2010.11.4"]
[Round "2"]
[White "geisonm"]
[Black "miguel7"]
[Result "0-1"]
[WhiteElo "1695"]
[BlackElo "1994"]

1. e4 e5 2. Nf3 Nc6 3. d3 Nf6 4. Bg5 h6 5. Bxf6 Qxf6 6. Nc3 Bd6 7. Nd5 Qd8 8. c3
O-O 9. d4 exd4 10. Nxd4 Nxd4 11. Qxd4 c6 12. Nf4 Bxf4 13. Bc4 d5 14. exd5 Re8+
15. Be2 Qe7 16. Qd3 Bf5 17. Qf3 Qg5 18. O-O cxd5 19. Rad1 Be4 20. Qh3 Bc2 21.
Bb5 Bxd1 22. Bxe8 Rxe8 23. Rxd1 Bc1 24. Qf3 Qd2 25. g3 Re1+ 26. Rxe1 Qxe1+ 27.
Kg2 Bxb2 28. Qxd5 b6 29. Qa8+ Kh7 30. Qxa7 Qe4+ 31. Kg1 Qe6 32. a4 Bxc3 33. Qc7
Ba5 34. Kg2 h5 35. Qc2+ Kh6 36. Qc1+ g5 37. h4 f6 38. f4 Qe4+ 39. Kf2 Qd4+ 40.
Kg2 Qd2+ 41. Qxd2 Bxd2 42. Kf3 g4+ 43. Ke2 Bb4 44. f5 Bc5 45. Kf1 Kg7 0-1

[Event "AUTO-ADV-1863"]
[Site "http://www.queenalice.com/game.php?id=854519"]
[Date "2010.11.4"]
[Round "2"]
[White "Sin_personalidad"]
[Black "geisonm"]
[Result "1-0"]
[WhiteElo "2021"]
[BlackElo "1732"]

1. c4 g6 2. d4 Bg7 3. e3 Nc6 4. Nf3 d6 5. Bd3 Bg4 6. Be2 Nb4 7. Bd2 a5 8. a3
Bxf3 9. gxf3 Nc6 10. Qa4 Qd7 11. d5 Ne5 12. Qxd7+ Nxd7 13. Bc3 Bxc3+ 14. Nxc3 c6
15. f4 Nc5 16. Bd1 Nf6 17. Rg1 Nd3+ 18. Ke2 Nxb2 19. c5 dxc5 20. dxc6 bxc6 21.
Rb1 Rb8 22. Na4 O-O 23. Rxb2 Rxb2+ 24. Nxb2 Rb8 25. Nd3 c4 26. Ne5 c3 27. Nxc6
Rb2+ 28. Kf3 c2 29. Bxc2 Rxc2 30. Nxa5 Ra2 31. Nc4 h5 32. Rb1 Ng4 33. Rb2 Ra1
34. h3 Nh2+ 35. Kg2 Nf1 36. Rb8+ Kg7 37. Rb7 Rd1 38. Rxe7 h4 39. Ne5 Kf6 40.
Rxf7+ Ke6 41. Rg7 Nd2 42. Rxg6+ Kf5 43. Rg5+ Ke4 44. Rg7 Nf3 45. Nxf3 Kd3 46.
Rd7+ Ke2 47. Rxd1 Kxd1 48. Nxh4 1-0

[Event "AUTO-ADV-1863"]
[Site "http://www.queenalice.com/game.php?id=854520"]
[Date "2010.11.4"]
[Round "2"]
[White "geisonm"]
[Black "Sin_personalidad"]
[Result "0-1"]
[WhiteElo "1730"]
[BlackElo "1965"]

1. e4 e5 2. Nf3 Nf6 3. Nc3 d6 4. Bc4 a6 5. Ng5 d5 6. exd5 Qd6 7. d4 b5 8. Bb3
Bb7 9. dxe5 Qxe5+ 10. Qe2 Qxe2+ 11. Nxe2 Bd6 12. Bf4 O-O 13. Nd4 Bxf4 14. d6
cxd6 15. Bxf7+ Rxf7 16. Nxf7 Kxf7 17. Nf5 Be4 18. h3 Bxf5 19. f3 Nc6 20. c3 Re8+
21. Kf2 Be3+ 22. Kg3 Nh5+ 23. Kh2 Bf4+ 24. Kg1 Bg3 25. Rd1 Re2 26. Kf1 Rf2+ 27.
Ke1 Rxb2+ 28. Kf1 Rf2+ 29. Kg1 Nf4 30. Re1 Ne2+ 31. Rxe2 Rxe2 32. Kf1 Re1# 0-1

[Event "AUTO-ADV-1863"]
[Site "http://www.queenalice.com/game.php?id=854523"]
[Date "2010.11.4"]
[Round "2"]
[White "geisonm"]
[Black "vallef"]
[Result "0-1"]
[WhiteElo "1741"]
[BlackElo "1827"]

1. e4 e5 2. Bc4 Nf6 3. Nf3 Nc6 4. Ng5 d5 5. Bxd5 Nxd5 6. exd5 Qxg5 7. g3 Ne7 8.
d4 Qf5 9. c4 Qe4+ 10. Kd2 Qxd4+ 11. Ke1 Qxc4 12. Nc3 Bh3 13. b3 Qxc3+ 14. Bd2
Qd3 15. Bb4 Qe4+ 16. Qe2 Qxh1+ 0-1

[Event "AUTO-ADV-1863"]
[Site "http://www.queenalice.com/game.php?id=854524"]
[Date "2010.11.4"]
[Round "2"]
[White "vallef"]
[Black "geisonm"]
[Result "1-0"]
[WhiteElo "1837"]
[BlackElo "1728"]

1. e4 e5 2. Nf3 Nc6 3. Bc4 Na5 4. Bxf7+ Kxf7 5. Nxe5+ Ke7 6. d4 h6 7. Ng6+ Ke8
8. Nxh8 Qf6 9. Qh5+ Kd8 10. Nf7+ Ke7 11. Ne5 d6 12. Ng6+ Kd8 13. Nxf8 Qxf8 14.
Qxa5 Nf6 15. O-O Nxe4 16. Nc3 b6 17. Qb4 c5 18. dxc5 dxc5 19. Qxe4 Rb8 20. Bf4
Bb7 21. Rad1+ 1-0

[Event "AUTO-ADV-1990"]
[Site "http://www.queenalice.com/game.php?id=865739"]
[Date "2010.11.30"]
[Round "1"]
[White "vindaloo"]
[Black "geisonm"]
[Result "1-0"]
[WhiteElo "1846"]
[BlackElo "1752"]

1. e4 g6 2. d4 Bg7 3. f4 Nf6 4. Nc3 Nc6 5. Nf3 d6 6. Bb5 O-O 7. O-O a6 8. Bc4 e6
9. e5 Ng4 10. h3 Nh6 11. Re1 b5 12. Bd3 b4 13. Ne4 d5 14. Nc5 f6 15. c3 a5 16.
a3 bxc3 17. bxc3 Nb8 18. Qb3 Na6 19. c4 Nxc5 20. dxc5 a4 21. Qa2 Bb7 22. cxd5
Bxd5 23. Bc4 Bxf3 24. Bxe6+ Nf7 25. gxf3 Qd4+ 26. Be3 Qd3 27. Rad1 Qa6 28. Rd7
Qa5 29. Red1 h5 30. Bxf7+ Kh8 31. Bxg6 h4 32. exf6 Bxf6 33. Rh7# 1-0

[Event "AUTO-ADV-1990"]
[Site "http://www.queenalice.com/game.php?id=865740"]
[Date "2010.11.30"]
[Round "1"]
[White "geisonm"]
[Black "vindaloo"]
[Result "1-0"]
[WhiteElo "1740"]
[BlackElo "1860"]

1. d4 d5 2. Nc3 c6 3. g3 Nd7 4. Bg2 Ngf6 5. Nf3 e6 6. a3 Be7 7. Bf4 h6 8. h4 Nh5
9. g4 Nxf4 10. Bf1 Bxh4 11. Nxh4 Nf6 12. f3 g5 13. e3 Ng6 14. Nxg6 fxg6 15. Bd3
Rg8 16. Rxh6 Kf7 17. Qe2 b5 18. O-O-O Bb7 19. f4 gxf4 20. exf4 Rg7 21. Rdh1 Ng8
22. Rh8 Qf6 23. f5 exf5 24. gxf5 g5 25. Nxd5 cxd5 26. Bxb5 Re8 27. Qxe8# 1-0

[Event "AUTO-ADV-1990"]
[Site "http://www.queenalice.com/game.php?id=865755"]
[Date "2010.11.30"]
[Round "1"]
[White "geisonm"]
[Black "Blutigeroo"]
[Result "0-1"]
[WhiteElo "1761"]
[BlackElo "1933"]

1. e4 e6 2. d4 d5 3. e5 b6 4. Nf3 Bb7 5. Bg5 Be7 6. Bxe7 Nxe7 7. Qd2 O-O 8. Bd3
c5 9. c3 Nbc6 10. dxc5 bxc5 11. Qg5 h6 12. Qg3 f5 13. h4 Qe8 14. Na3 a6 15. Nc2
Ng6 16. c4 f4 17. Qg4 Ngxe5 18. Nxe5 Nxe5 19. Qe2 f3 20. Qxe5 fxg2 21. Rg1 dxc4
22. Bxc4 Rd8 23. Ne3 Qg6 24. Bxe6+ Kh8 25. Bf5 Qb6 26. Nxg2 Rde8 27. Be6 Rxe6
28. Qe3 Bxg2 29. Rxg2 Rfe8 30. Rg3 c4 31. Kd2 Qxb2+ 0-1

[Event "AUTO-ADV-1990"]
[Site "http://www.queenalice.com/game.php?id=865756"]
[Date "2010.11.30"]
[Round "1"]
[White "Blutigeroo"]
[Black "geisonm"]
[Result "0-1"]
[WhiteElo "1935"]
[BlackElo "1723"]

1. g3 d5 2. Bg2 e5 3. e3 Nc6 4. Ne2 Nf6 5. O-O Bf5 6. d3 e4 7. f3 exf3 8. Bxf3
h5 9. Nf4 h4 10. Qe1 Qd6 11. e4 dxe4 12. dxe4 Be6 13. Kh1 g5 14. Ne2 Bc4 15. b3
Bxe2 16. Qxe2 hxg3 17. Rf2 gxf2 18. Qxf2 g4 19. Be2 Nxe4 20. Qg2 g3 21. h3 Nf2+
22. Kg1 Nxh3+ 23. Kf1 Qf6+ 0-1

[Event "AUTO-ADV-1990"]
[Site "http://www.queenalice.com/game.php?id=865757"]
[Date "2010.11.30"]
[Round "1"]
[White "geisonm"]
[Black "GRANMMAESTRO"]
[Result "0-1"]
[WhiteElo "1740"]
[BlackElo "1947"]

1. e4 e5 2. Nf3 d6 3. d4 exd4 4. Qxd4 Nc6 5. Qd5 Be6 6. Bg5 Bxd5 7. Bxd8 Bxe4 8.
c3 Bxf3 9. gxf3 Kxd8 10. Nd2 Nf6 11. O-O-O g6 12. Bh3 Bg7 13. Rde1 Re8 14. Rxe8+
Kxe8 15. Re1+ Kf8 16. Nc4 Re8 17. Rxe8+ Kxe8 18. b4 Ne5 19. Nd2 Bh6 20. Kc2 Bxd2
21. Kxd2 Nxf3+ 22. Kd3 Nxh2 23. Kd4 Nhg4 24. f3 Ne5 25. f4 Nc6+ 26. Ke3 Ke7 27.
Kd3 h5 28. Kc4 Ng4 29. b5 Nd8 30. a4 Ke6 31. Kb4 Kf5 32. Ka5 Kxf4 33. Kb4 Kg3
34. Bf1 h4 35. a5 h3 36. Bd3 h2 37. Be4 Nf2 0-1

[Event "AUTO-ADV-1990"]
[Site "http://www.queenalice.com/game.php?id=865758"]
[Date "2010.11.30"]
[Round "1"]
[White "GRANMMAESTRO"]
[Black "geisonm"]
[Result "1-0"]
[WhiteElo "1964"]
[BlackElo "1747"]

1. e4 Nf6 2. Nc3 e5 3. Nf3 Nc6 4. Bc4 h6 5. d4 exd4 6. Nxd4 Bc5 7. Be3 d6 8.
Nxc6 bxc6 9. Bxc5 dxc5 10. Qxd8+ Kxd8 11. Bxf7 Ba6 12. O-O-O+ Nd7 13. Be6 Ke7
14. Bxd7 Bb7 15. Bf5 Kf6 16. Rd7 Bc8 17. Rxc7 Bxf5 18. exf5 Kxf5 19. Rxg7 Rac8
20. Rxa7 Rhd8 21. Rd1 Rxd1+ 22. Kxd1 h5 23. f3 Rg8 24. g3 Ke5 25. Rh7 Rd8+ 26.
Ke2 Kd4 27. Rxh5 Re8+ 28. Ne4 c4 29. c3# 1-0

[Event "AUTO-ADV-2038"]
[Site "http://www.queenalice.com/game.php?id=886390"]
[Date "2011.1.15"]
[Round "1"]
[White "Alejandrito"]
[Black "geisonm"]
[Result "1-0"]
[WhiteElo "2005"]
[BlackElo "1702"]

1. e4 e5 2. f4 exf4 3. Nf3 d6 4. Bc4 Bg4 5. d4 h6 6. Bxf4 Nf6 7. Nc3 Nc6 8. O-O
g5 9. Bg3 Qe7 10. Nd5 Nxd5 11. exd5 Nxd4 12. Qxd4 Bg7 13. Qxg7 O-O-O 14. Qd4
Bxf3 15. Qxa7 Bxd5 16. Bxd5 c6 17. Rxf7 Qxf7 18. Bxf7 Rhf8 19. Rf1 d5 20. Be6+
Rd7 21. Rxf8# 1-0

[Event "AUTO-ADV-2038"]
[Site "http://www.queenalice.com/game.php?id=886391"]
[Date "2011.1.15"]
[Round "1"]
[White "geisonm"]
[Black "Alejandrito"]
[Result "0-1"]
[WhiteElo "1698"]
[BlackElo "2018"]

1. e4 e5 2. Nf3 Nc6 3. Bc4 Nf6 4. Ng5 d5 5. exd5 Na5 6. d3 Nxc4 7. dxc4 Bg4 8.
f3 Bf5 9. Nc3 Bc5 10. Qe2 O-O 11. g4 Bg6 12. h4 h5 13. Bd2 Bxc2 14. gxh5 Nxh5
15. Qxe5 Re8 16. Qxe8+ Qxe8+ 17. Nce4 f5 18. Rc1 fxe4 19. fxe4 Bxe4 20. Nxe4
Qxe4+ 0-1

[Event "AUTO-ADV-2038"]
[Site "http://www.queenalice.com/game.php?id=886402"]
[Date "2011.1.15"]
[Round "1"]
[White "jpolgar99"]
[Black "geisonm"]
[Result "0-1"]
[WhiteElo "1744"]
[BlackElo "1696"]

1. e4 e5 2. Nf3 Nc6 3. Bb5 f6 4. O-O a6 5. Ba4 g5 6. a3 Bc5 7. Re1 h5 8. Nc3 Nh6
9. h3 d6 10. d3 g4 11. Bxh6 Rxh6 12. Nh4 gxh3 13. Nf5 Bxf5 14. exf5 hxg2 15.
Kxg2 Qd7 16. Qd2 Qg7+ 17. Kf1 Rh8 18. Nd5 O-O-O 19. Bxc6 bxc6 0-1

[Event "AUTO-ADV-2038"]
[Site "http://www.queenalice.com/game.php?id=886403"]
[Date "2011.1.15"]
[Round "1"]
[White "geisonm"]
[Black "jpolgar99"]
[Result "1-0"]
[WhiteElo "1676"]
[BlackElo "1764"]

1. e4 c6 2. d4 d5 3. e5 Bf5 4. Nc3 e6 5. Nf3 Nd7 6. h3 c5 7. Bb5 cxd4 8. Nxd4
Bg6 9. Qg4 a6 10. Bg5 Be7 11. Bxd7+ Qxd7 12. h4 Bxg5 13. hxg5 Ne7 14. Nce2 O-O
15. Nf4 Rac8 16. Qh4 f5 17. c3 Qe8 18. Ndxe6 1-0

[Event "AUTO-ADV-2038"]
[Site "http://www.queenalice.com/game.php?id=886408"]
[Date "2011.1.15"]
[Round "1"]
[White "Nille"]
[Black "geisonm"]
[Result "1-0"]
[WhiteElo "1912"]
[BlackElo "1710"]

1. e4 e5 2. Nf3 Nc6 3. Bc4 f6 4. Nc3 Nh6 5. d3 Bc5 6. Bxh6 gxh6 7. Qd2 d6 8.
Qxh6 Nb4 9. Qg7 Rf8 10. O-O-O Bxf2 11. Qxh7 f5 12. a3 Nc6 13. Nd5 Bb6 14. Nh4
Ne7 15. Qh5+ Rf7 16. Nf6+ Kf8 17. Qxf7# 1-0

[Event "AUTO-ADV-2119"]
[Site "http://www.queenalice.com/game.php?id=922487"]
[Date "2011.4.6"]
[Round "1"]
[White "avian"]
[Black "geisonm"]
[Result "1-0"]
[WhiteElo "1785"]
[BlackElo "1741"]

1. d4 d6 2. c4 Bf5 3. Nc3 Na6 4. Nf3 Nb4 5. Qa4+ Qd7 6. Qxb4 Nf6 7. Bg5 c5 8.
Qb3 a6 9. Bxf6 exf6 10. Nd5 Qd8 11. Qb6 Qxb6 12. Nxb6 Rd8 13. d5 g6 14. e3 Be7
15. Rd1 Bg4 16. Be2 Bf8 17. Nd4 Bxe2 18. Nxe2 f5 19. O-O Bg7 20. b3 1-0

[Event "AUTO-ADV-2119"]
[Site "http://www.queenalice.com/game.php?id=922488"]
[Date "2011.4.6"]
[Round "1"]
[White "geisonm"]
[Black "avian"]
[Result "0-1"]
[WhiteElo "1727"]
[BlackElo "1799"]

1. Nc3 e6 2. a3 d5 3. e3 c5 4. d4 Nf6 5. Nf3 Nc6 6. Bb5 cxd4 7. exd4 Bd6 8. O-O
O-O 9. Qd3 Qc7 10. g3 Re8 11. Ng5 g6 12. Qf3 Be7 13. Bf4 Qd8 14. Na2 Bd7 15. c3
Na5 16. Bxd7 Qxd7 17. Be5 Nc4 18. Bxf6 Nd2 19. Qf4 Nxf1 20. Rxf1 Bxf6 0-1